Filmografia di Sergio Leone - Statistics

Statistiche generali
  • Questo quiz è stato fatto 33 volte
  • Il punteggio medio è 5 su 7
Statistiche sulle risposte
con Immagini Risposta % Corretto
Per un pugno di dollari
100%
C'era una volta in America
93%
C'era una volta il West
85%
Il buono, il brutto, il cattivo
78%
Per qualche dollaro in più
70%
Giù la testa
52%
Il Colosso di Rodi
52%
Nessun quiz corrispondente trovato
Distribuzione punteggi
Percentuale di utenti per punteggio
Percentile per numero di risposta
I tuoi punteggi nel tempo
Non hai fatto questo quiz